| 000 | 01082nam a2200301 a 4500 | ||
|---|---|---|---|
| 001 | 000114966 | ||
| 003 | CHAP | ||
| 005 | 20220329144506.0 | ||
| 008 | 180820s2018 mx |sm |||||||spa d | ||
| 010 | _a111427 | ||
| 011 | _a112399 | ||
| 040 | _cCHAP | ||
| 090 | _aTesis | ||
| 100 | 1 |
_aJuárez Tlehuactle, Porfirio. _9135367 |
|
| 245 | 1 | 0 |
_aHacia una modernidad reflexiva para vivir bien : _h[En línea] _bprincipios prácticos necesarios / _cpor Porfirio Juárez Tlehuactle. |
| 260 |
_aHuatusco, Ver. : _bEl autor, _c2018. |
||
| 500 | _aPara ver el contenido del material haga clic en la liga | ||
| 502 | _aTesis (Lic. en Redes Agroalimentarias) -- UACH. Centro Regional Universitario Oriente | ||
| 590 |
_aBATCH-UPD _b05 _c20180820 _lUCH01 _h1109 |
||
| 590 |
_aE5765TAJ _b05 _c20180820 _lUCH01 _h1108 |
||
| 590 |
_aE5765TAJ _b05 _c20180820 _lUCH01 _h1109 |
||
| 650 | 1 | 4 |
_aBienestar social. _912635 |
| 650 | 1 | 4 |
_aFamilia _xCalidad de vida. _9132327 |
| 856 |
_aFinding aid _uhttp://10.13.5.2/tesis/sist114966.pdf _zTeclea aquí |
||
| 901 | _aBK | ||
| 942 | _cTESIS | ||
| 942 | _n0 | ||
| 999 |
_c111427 _d111427 |
||